| 000 | 01219nas a2200373 4500 | ||
|---|---|---|---|
| 001 | BR0502557 | ||
| 003 | BR-BrBNA | ||
| 005 | 20231205105412.0 | ||
| 007 | ta | ||
| 008 | 230509b bl.|||p| |||| 00| 00por d | ||
| 040 |
_aBR-BrBNA _bpor _cBiblioteca Nacional de Agricultura |
||
| 041 | _a(Pt) | ||
| 072 | _aL02; L01 | ||
| 100 | 1 | _aAndreotti, M. de O. | |
| 100 | 1 | _aJunqueira, O.M. | |
| 100 | 1 | _aBarbosa, M.J.B. | |
| 100 | 1 | _aCancherini, L.C. | |
| 100 | 1 | _aAraújo, L.F. | |
| 100 | 1 | _aRodrigues, E.A. | |
| 245 | 1 | _aTempo de trânsito intestinal, desempenho, característica de carcaça e composição corporal de frangos de corte alimentados com rações isoenergéticas formuladas com diferentes níveis de óleo de soja | |
| 650 | _aFRANGO DE CORTE | ||
| 650 | _aRAÇÃO | ||
| 650 | _aSOJA | ||
| 650 | _aÓLEO VEGETAL | ||
| 650 | _aGANHO DE PESO | ||
| 650 | _aCARCAÇA | ||
| 650 | _aRENDIMENTO | ||
| 650 | _aPROTEÍNA BRUTA | ||
| 650 | _aCONDIÇÃO CORPORAL | ||
| 650 | _aCOMPOSIÇÃO DE ALIMENTO | ||
| 773 | 0 |
_tRevista Brasileira de Zootecnia (Brazil) _xISSN 1516-3598 _g(Jul-Aug 2004), v. 33(4) p. 870-879 _wBR0502557 |
|
| 909 |
_a202311 _bLúcia _c55 _dLúcia Elande |
||
| 942 |
_2AGRIS _n0 _cANA |
||
| 999 |
_c182792 _d182792 |
||